| 000 | 00717nam a2200229Ia 4500 | ||
|---|---|---|---|
| 003 | GCL | ||
| 005 | 20240530101948.0 | ||
| 008 | 140319s9999 xx 000 0 ara d | ||
| 040 |
_aGCL / _cGCL |
||
| 082 | 0 | 4 |
_a349.602 _bع ت |
| 100 | 0 | _aعبدالحكم فوده | |
| 245 | 1 | 0 |
_aتفسير العقد فى القانون المدنى المصرى و المقارن / _cعبدالحكم فوده |
| 260 |
_a[S.N] : _bمنشاة المعارف ، _c1993 |
||
| 300 | _a517 ص | ||
| 490 |
_aالكتب القانونية _v0 |
||
| 650 | 0 | 4 | _aالقانون |
| 650 | 0 | 4 | _aمصر |
| 650 | 0 | 4 | _aالقانون المدنى |
| 650 | 0 | 4 | _aالعقود |
| 650 | 0 | 4 | _aالقانون المقارن |
| 942 |
_2ddc _cBK |
||
| 999 |
_c29030 _d29030 |
||